Hrad Smolenice s rybníkom

Zobrazenie: V bielom orámovaní pohľad na lúku a jazierko, ktoré je na pravo od nej. Na brehu jazierka sedí jeden človek a druhý leží. V popredí napravo i vľavo sú konáre ihličnatých stromov. V pozadí sa za radom ihličnatých stromov nachádza Smolenický zámok na zalesnenom kopci

Bibliographic Details
Format: Postcard
Language:Slovak
PhysicalDescription:1 pohľadnica tónovaná do modra 9 x 14 cm
Published: [Slovensko?] [vydavateľ neznámy] [1929?]
Subjects:

MARC

LEADER 00000ckm a2200000 a 4500
001 vtls010035551
003 SK-MaSNL
005 20260512122015.0
007 kp ao
008 230706q1929 xo g kuslo
015 |a SNBG1929 
035 |a 87138070-E974-49D6-9FFE-6B4A8A41272F 
035 |a urn:nbn:sk:snk-km004l4o 
035 |a urn:nbn:sk:snk-kmtgya 
040 |a SNK  |b slo  |c SNK  |e AACR2 
041 0 |a slo 
043 |a e-xo--- 
044 |a xo  |c SK 
072 7 |a 913  |x Regionálna geografia  |2 konspekt 
072 7 |a 72  |x Architektúra  |2 konspekt 
080 |a 728.81  |2 2001 
080 |a (437.6)  |2 2001 
080 |a (084.121)  |2 2001 
080 |a 913(437.6)  |2 2011 
080 |a 728.82  |2 2011 
080 |a 728.81  |2 2011 
080 |a (084.121)  |2 2011 
245 0 0 |a Hrad Smolenice s rybníkom  |h grafika 
260 |a [Slovensko?]  |b [vydavateľ neznámy]  |c [1929?] 
300 |a 1 pohľadnica  |b tónovaná do modra  |c 9 x 14 cm 
520 8 |a Zobrazenie: V bielom orámovaní pohľad na lúku a jazierko, ktoré je na pravo od nej. Na brehu jazierka sedí jeden človek a druhý leží. V popredí napravo i vľavo sú konáre ihličnatých stromov. V pozadí sa za radom ihličnatých stromov nachádza Smolenický zámok na zalesnenom kopci 
650 0 7 |a hrady  |2 SNKPH  |9 3039 
650 0 7 |a zámky  |2 SNKPH  |9 3041 
651 7 |a Smolenice (Slovensko)  |2 SNKPHgeo  |9 56263 
655 7 |a miestne pohľadnice  |2 SNKPH  |9 70510 
852 |a Slovenská národná knižnica 
958 |a GBN 
958 |a GC 
958 |a ONDV 
999 |c 574262  |d 576192 
952 |a SNK  |b SNK  |y PREZ  |7 0  |p 17A0636226  |o snkSP 103741  |z Pohľadnica prešla poštou.  |0 0  |1 0  |4 0  |d 2010-01-05  |f 1  |l 0  |r 2026-02-23 14:27:48  |w 2026-02-23